[Event "Rohde op 06th"]
[Site "Sautron"]
[Date "2006.11.01"]
[Round "6"]
[White "Dobrev, Nanko"]
[Black "Potkin, Vladimir"]
[Result "1/2-1/2"]
[WhiteElo "2429"]
[BlackElo "2580"]
[Annotator "RR"]
[PlyCount "97"]
[EventDate "2006.10.28"]
[EventType "swiss"]
[EventRounds "9"]
[EventCountry "FRA"]
[SourceTitle "EXT 2007"]
[Source "ChessBase"]
[SourceDate "2006.11.23"]
[SourceVersion "1"]
[SourceVersionDate "2006.11.23"]
[SourceQuality "1"]

1. d4 Nf6 2. Nf3 d5 3. c4 e6 4. Nc3 c6 5. cxd5 exd5 6. Qc2 (6. Bg5) 6... Be7 7.
Bg5 Bg4 (7... g6 8. e4 dxe4 9. Bxf6 Bxf6 10. Qxe4+ Qe7 11. Bc4) 8. Ne5 Bh5 9.
e3 Nbd7 10. Bd3 (10. Nxd7) 10... Nxe5 11. dxe5 Nd7 12. Bf4 Nc5 (12... Qc7 13.
e6) 13. Bf5 d4 $1 $146 ({RR} 13... Bg6 14. g4 Qa5 15. a3 Ne4 16. O-O Ng5 17.
Bg3 Nf3+ 18. Kg2 Nh4+ 19. Bxh4 Bxh4 20. e6 Bxf5 21. Qxf5 O-O 22. g5 f6 23. g6
hxg6 24. Qxg6 f5 25. Ne2 Qd8 26. Nf4 Qg5+ 27. Kf3 Rf6 28. Qh5 {Dobrev,N (2374)
-Bahulayan,A/Dos Hermanas 2003/EXT 2004/1-0 (50)}) 14. exd4 Qxd4 15. Qd2 Qxd2+
16. Kxd2 Bg6 $1 17. Bxg6 hxg6 {[%csl Gh8]} 18. Rad1 O-O-O+ 19. Kc2 a5 (19...
Ne6) 20. h3 Rxd1 21. Rxd1 Rd8 22. Rxd8+ Kxd8 23. Be3 Kd7 24. Bxc5 Bxc5 25. f4 (
25. Ne4 Bd4 26. Nd6 {[%cal Gd6f7,Gd6b7]} Bxe5 27. Nxb7 Bc7 28. Nc5+ Kd6 29. Nd3
) 25... Ke6 26. Kd3 g5 $1 27. Ke4 gxf4 28. h4 f3 29. gxf3 f5+ 30. exf6 Kxf6 31.
Ne2 g6 32. Nf4 Bd6 33. Nd3 Bg3 34. Nc5 b5 35. Nb3 Ke6 36. Nxa5 Kd7 37. Nb7 Bxh4
38. Ke5 Ke7 39. b3 Bf6+ 40. Ke4 Kd7 41. a4 bxa4 42. bxa4 Kc7 43. Nc5 Kd6 44.
Nd3 c5 45. Nf4 c4 46. Nxg6 Kc5 47. Nf4 Bh8 48. Nd5 c3 49. Nxc3 {cette nulle
assez facile du bulgare contre le GMI lui a donné confiance pour la fin du
tounoi qui lui a bien réussi} 1/2-1/2

[Event "Rohde op 08th"]
[Site "Sautron"]
[Date "2008.10.29"]
[Round "6"]
[White "Malaniuk, Vladimir P"]
[Black "Bensdorp, Marlies"]
[Result "1/2-1/2"]
[WhiteElo "2534"]
[BlackElo "2303"]
[Annotator "RR"]
[PlyCount "72"]
[EventDate "2008.10.25"]
[EventType "swiss"]
[EventRounds "9"]
[EventCountry "FRA"]
[SourceTitle "EXT 2009"]
[Source "ChessBase"]
[SourceDate "2008.11.26"]
[SourceVersion "1"]
[SourceVersionDate "2008.11.26"]
[SourceQuality "1"]

1. d4 d5 2. c4 c6 3. Nc3 Nf6 4. Nf3 e6 5. Bg5 Be7 6. e3 O-O 7. Qc2 Nbd7 8. cxd5
exd5 9. Bd3 Re8 10. h3 $1 {Un coup multifonction trés souple: Le Bg5 obtient
une case de fuite Les blancs jouent un coup d'attente utile avant de choisir
entre le oo ou le ooo Dans l'hypothèse du grand-roque, les blancs auront
gagner un tempo avec h3 pour jouer g4} Nf8 (10... Ne4 $6 11. Bxe4 dxe4 12. Nxe4
) 11. Bf4 Bd6 12. Bxd6 Qxd6 13. O-O-O $1 {[%cal Gg2g4]} Be6 14. Kb1 Rac8 15. g4
(15. Rc1) 15... c5 ({RR} 15... a6 16. Ng5 c5 17. dxc5 Qxc5 18. Nxe6 Nxe6 19.
Bf5 Rc6 20. Qb3 Rb6 21. Na4 Rxb3 22. Nxc5 Rb6 23. Bxe6 fxe6 24. Rc1 Rc8 25.
Rhd1 Rc7 26. f4 Ne8 27. Nd3 Rbc6 28. Rxc6 Rxc6 29. Rc1 Rxc1+ 30. Kxc1 {Dreev,A
(2695)-Bruzon Bautista,L (2610)/Esbjerg 2003/CBM 096/1/2-1/2 (62)}) 16. dxc5
Rxc5 17. g5 $146 ({RR} 17. Nd4 a6 18. f3 N6d7 19. Qh2 Qe7 20. Rhe1 Nb6 21. Rc1
Rec8 22. f4 Bd7 23. Nb3 R5c7 24. f5 Bc6 25. Nd4 Nfd7 26. e4 Qb4 27. Nc2 Qc5 28.
exd5 Bxd5 29. Nxd5 Nxd5 30. Qd2 Qb6 31. Ka1 h6 {Gabriel,C (2510)-Lobron,E 
(2590)/Germany 1996/GER-chT/1-0 (54)}) 17... N6d7 18. Qa4 {[%cal Ga4e8]} a6 19.
h4 Qb6 (19... Rec8) 20. Qd4 Rc7 21. Bc2 (21. h5) 21... Rc4 22. Qxb6 Nxb6 23.
Nd4 Ng6 (23... Bg4) 24. h5 Ne5 25. g6 $1 hxg6 26. hxg6 fxg6 27. Nxe6 Rxe6 28.
Nxd5 Nxd5 29. Bb3 $2 {[%csl Rd5,Re6] Il ne s'agit pas d'une erreur de saisie
puisque la partie a été jouée sur un plateu DGT mais le GMI s'est trompé dans
l'ordre de coups} (29. Rxd5) 29... Nb6 30. Rd4 Kf7 31. Bxc4 Nexc4 (31... Nbxc4
32. f4 Nf3 33. Rxc4 $4 Nd2+) 32. Rh8 Nd6 33. Rd8 Ke7 34. Rg8 Kf7 35. Rd8 Ke7
36. Rg8 Ne8 1/2-1/2

[Event "POL-chT 66th"]
[Site "Katowice"]
[Date "2010.09.12"]
[Round "9"]
[White "Schmidt, Wlodzimierz"]
[Black "Leniart, Arkadiusz"]
[Result "1/2-1/2"]
[WhiteElo "2394"]
[BlackElo "2453"]
[Annotator "RR"]
[PlyCount "54"]
[EventDate "2010.09.04"]
[EventType "team-tourn"]
[EventRounds "9"]
[EventCountry "POL"]
[SourceTitle "EXT 2016"]
[Source "ChessBase"]
[SourceDate "2015.10.08"]
[SourceVersion "1"]
[SourceVersionDate "2015.10.08"]
[SourceQuality "1"]
[WhiteTeam "Poznan Pocztowiec"]
[BlackTeam "Wroclaw Polonia"]
[WhiteTeamCountry "POL"]
[BlackTeamCountry "POL"]

1. Nf3 Nf6 2. c4 e6 3. Nc3 d5 4. d4 Nbd7 5. cxd5 exd5 6. Bg5 Be7 7. e3 c6 8.
Bd3 Nf8 9. Qc2 Ne6 10. Bh4 g6 11. h3 O-O (11... Nh5 12. Bxe7 Qxe7 13. O-O-O Bd7
14. Kb1 Nhg7 15. Ne5 f6 16. Bxg6+ hxg6 17. Nxg6 Nxd4 18. exd4 Bf5 19. Nxe7
Bxc2+ 20. Kxc2 Kxe7 21. Rde1+ Kf7 22. g3 Nf5 23. Kd3 Rae8 24. h4 Reg8 25. Ne2
Rg4 26. f3 Rg7 27. Rhg1 Rhg8 28. h5 Re8 29. g4 Nh4 30. Rgf1 Ng2 31. Rc1 f5 32.
Rf2 Ne3 33. b3 Kf6 34. Rg1 fxg4 35. fxg4+ Kg5 36. Rf3 Rge7 37. Rfg3 a5 38. Nc1
b6 39. Kd2 c5 40. Nd3 cxd4 41. h6 {Korobov,A (2680)-Ipatov,A (2613) Dubai 2014
1-0}) 12. Ne5 $146 (12. O-O Nh5 13. Bxe7 Qxe7 {Kasparov,G (2750)-Ljubojevic,L 
(2610) Madrid rapid 1988 (8) 1/2}) 12... Nd7 $11 13. Bxe7 Qxe7 14. Nxd7 Bxd7
15. O-O Ng5 16. Rfe1 (16. h4 $5 Ne4 17. h5 {[%cal Gd3h7,Gh5g6]}) 16... f5 17.
f4 Nf7 18. Nb1 b6 19. Nd2 c5 20. dxc5 bxc5 21. Nf3 Rab8 22. Qc3 Rfc8 23. b3 Be6
24. Rac1 Nd6 25. Qe5 Nf7 26. Qc3 Nd6 27. Qe5 Nf7 1/2-1/2

[Event "Syre Memorial op 35th"]
[Site "Issy les Moulineaux"]
[Date "2012.05.19"]
[Round "5"]
[White "Shchekachev, Andrei"]
[Black "Onkoud, Abdelaziz"]
[Result "1/2-1/2"]
[WhiteElo "2513"]
[BlackElo "2384"]
[Annotator "RR"]
[PlyCount "117"]
[EventDate "2012.05.17"]
[EventType "swiss"]
[EventRounds "6"]
[EventCountry "FRA"]
[SourceTitle "EXT 2015"]
[Source "ChessBase"]
[SourceDate "2014.11.20"]
[SourceVersion "1"]
[SourceVersionDate "2014.11.20"]
[SourceQuality "1"]

1. Nf3 Nf6 2. c4 e6 3. Nc3 d5 4. d4 c6 5. Bg5 (5. e3) 5... Nbd7 6. cxd5 (6. e3)
6... exd5 7. e3 Bd6 (7... Be7 {La grande ligne}) 8. Bd3 h6 9. Bh4 O-O 10. O-O (
10. Qc2 $5 {[%cal Ge1c1,Ge1g1] Plus souple pour garder l'option du roque sur
les deux ailes}) 10... Re8 11. Qc2 Nf8 12. Rae1 {[%cal Ge3e4] Un carrefour
important et les Blancs ont l'option du plan classique d'attaque de minorité
ou d'échange du bon B des Noirs mais le GMI va choisir le plan de prise
d'espace au centre.} (12. Rab1 {[%cal Gb2b4,Gb4b5,Ga2a4] La grande ligne}) (12.
Bg3 $5 {[%csl Rc8]} Bxg3 13. hxg3 Ng4 14. b4 a6 15. a4 $14 {[%cal Gb4b5];
Rogozenco,D (2557)-Oltean,D (2390) ROM-chT Sovata 1999 (1) 1-0}) 12... Bg4 13.
Nd2 $1 {[%cal Gf2f3,Ge3e4]} Bh5 (13... Be6 14. f4 Be7 15. Nf3 Ne4 16. Bxe7 Qxe7
17. Bxe4 dxe4 18. Qxe4 Qb4 19. Qc2 Bc4 20. Rf2 Rad8 21. Rd2 f6 22. h3 Bf7 23.
a3 Qa5 24. Rdd1 Re7 25. e4 Qb6 26. Qf2 Bb3 27. Rd2 Red7 28. f5 {Bareev,E (2729)
-Ljubojevic,L (2570)/Monte Carlo 2003/CBM 093 ext/1-0 (44)}) 14. f4 $1 {
[%csl Rh5][%cal Gf4f5]} (14. f3 $143 {[%cal Ge3e4]} Bg6 $11 {[%cal Gg6d3]})
14... Bg6 15. f5 $1 {[%csl Rg6] Un plan trés fort car il n'est pas facile pour
les Noirs de profiter des légers affaiblissements du centre Blanc et ils vont
jouer longtemps avec un B hors-jeu.} Bh7 16. Nf3 $146 {[%cal Gf3e5]} (16. Qb3
Qc7 17. Bxf6 Bxh2+ 18. Kh1 gxf6 19. Qd1 Ne6 20. Qh5 Bg3 21. Re2 Kg7 22. Rc1
Rad8 23. Nf1 Ng5 24. Qg4 Bd6 25. Nxd5 Qa5 26. Nc3 Bb8 27. a3 Rg8 28. Rf2 c5 29.
d5 a6 30. a4 Be5 {Manelis,V (2235)-Kopytin,V/Voronezh 1998/EXT 1999/1-0 (51)})
16... N8d7 17. e4 $1 $32 {[%csl Ra8,Rd8][%cal Ge4e5]} dxe4 18. Nxe4 Be7 19. Nc3
$1 {[%cal Gd4d5] Il faut maintenant éviter l'échange} Qc7 (19... Qb6 $5 {
[%csl Rd4]}) 20. Bg3 Bd6 21. Nb5 $1 {Une petite combinaison et la faiblesse
"d4" devient maintenant un P passé} cxb5 22. Qxc7 Bxc7 23. Bxc7 a6 (23... Nd5
24. Ba5 (24. Bd6 Ne3)) 24. Ne5 Nd5 25. Nxd7 (25. Ba5 $5 {[%csl Ga5,Gd3] Il
semblait plus logique de garder la paire de B} Re7 26. Bc2 (26. g4 $14 {
[%csl Rh7]}) 26... Rc8 27. Bb3 N7f6 {[%csl Ge5]} 28. g4 $1 $36 {[%csl Rh7]})
25... Nxc7 26. Rc1 $14 Nd5 27. Rc5 (27. Nc5 {[%csl Rb7]} Ne3 28. Rf3 Rac8 29.
Re1 Nd5 30. Rxe8+ Rxe8 31. Nxb7) 27... Nb4 28. Bb1 Nc6 29. d5 Ne5 30. Rc7 (30.
Nb6 Rad8 31. Rc7) 30... Nxd7 31. Rxd7 Rad8 32. Rxd8 Rxd8 33. Rc1 (33. Be4 $5
Kf8 (33... Re8 34. Rc1 $1) (33... g6 34. Rd1 gxf5 35. Bf3) 34. Rc1 {[%cal
Gc1c7]}) (33. Rd1 g6) 33... g6 $1 34. Be4 $1 gxf5 35. Bf3 {Le paradoxe est que
le Bh7 est maintenant enfermé par un P Noir!} Rd7 36. Kf2 f4 $1 {Le B se
ranime enfin!} 37. Rd1 Kg7 38. Rd4 Bb1 (38... Kf6 39. Rxf4+ Ke5 $11) 39. a3 Ba2
40. Rxf4 b6 (40... Bxd5 41. Rd4 Be6 42. Rxd7 Bxd7 43. Bxb7 {[%csl Ra6]}) 41.
Rd4 Kf6 42. Ke3 Ke5 {[%csl Re3,Ge5] La meilleure centralisation du K Noir doit
donner des chances de nulle} 43. Re4+ Kd6 44. Rh4 Bxd5 45. Rxh6+ Be6 46. Bg4
Kd5 47. Bxe6+ fxe6 48. g4 Rc7 49. h4 Rc2 $11 {La R Blanche est mal placée
devant les P et il n'est pas facile d'exploiter la majorité de l'aile-roi} 50.
Rh5+ e5 51. Rh8 Rxb2 52. Rd8+ Ke6 53. h5 b4 54. axb4 Rb3+ 55. Ke2 (55. Kf2)
55... Kf6 56. Rd6+ (56. h6 Rh3) 56... Kg5 57. Rxb6 Kxg4 58. h6 Kf4 59. h7
1/2-1/2

[Event "Moscow Aeroflot op-A"]
[Site "Moscow"]
[Date "2007.02.21"]
[Round "8"]
[White "Khismatullin, Denis Rimovich"]
[Black "Kosintseva, Nadezhda"]
[Result "0-1"]
[WhiteElo "2599"]
[BlackElo "2496"]
[Annotator "Reeh,O"]
[PlyCount "54"]
[EventDate "2007.02.14"]
[EventType "swiss"]
[EventRounds "9"]
[EventCountry "RUS"]
[SourceTitle "CBM 117"]
[Source "ChessBase"]
[SourceDate "2007.03.30"]
[SourceVersion "1"]
[SourceVersionDate "2007.03.30"]
[SourceQuality "1"]

1. c4 Nf6 2. Nf3 e6 3. d4 d5 4. Bg5 Nbd7 5. cxd5 exd5 6. Nc3 c6 7. e3 Bd6 8.
Bd3 O-O 9. Qc2 h6 10. Bh4 Re8 11. O-O-O b5 12. g4 g5 ({Winning a pawn, but
very committal. Worth considering was Gewinnt einen Bauern, ist aber sehr
verpflichtend. In Betracht kam} 12... b4 13. Na4 Nb6) 13. Bg3 Bxg3 14. hxg3
Nxg4 15. Nh2 Ndf6 16. Nf1 {White wants to prepare f2-f3, but this takes a lot
of time. Weiß möchte f2-f3 vorbereiten, doch dies ist sehr zeitaufwändig.} ({
Interesting was the simple Interessant war das einfache} 16. Nxg4 Bxg4 17. Rdf1
) 16... Kg7 17. Re1 c5 $1 {Initiative is everything! Initiative ist alles!} 18.
dxc5 d4 $1 19. Nxb5 Bb7 20. e4 Qa5 {Black has mobilized her queenside with
tempo. Schwarz hat den Damenflügel mit Tempo mobilisiert.} 21. Nd2 Nxf2 22.
Rhf1 $2 ({Following Nach} 22. Nb3 Nxd3+ 23. Qxd3 {the chances would be about
even stünden die Chancen etwa gleich.}) 22... N2xe4 (22... Bxe4 $1 {was
stronger, since this would deny White the chance on move 24. war stärker, da
Weiß dann nicht wie in der Partie die Möglichkeit im 24. Zug hätte.}) 23. Nxe4
Nxe4 24. Qc4 $2 {Hitting both f7 and d4, but... Zielt gegen f7 und d4, aber...}
({White could have forced a draw with Weiß hätte ein Remis erzwingen können mit
} 24. Rxe4 $1 Bxe4 25. Qf2 $1 {This time a good double attack! Diesmal ein
guter Doppelangriff!} Bxd3 26. Qxf7+ Kh8 27. Qf6+ Kh7 28. Qf7+) {[%tqu "En",
"White is attacking both d4 and f7. How do you react?","Since White threatens
both 25.Qxf7+ and 25.Qxd4+, Black needs something powerful.","Try to drive the
white king onto a square which enables the black knight on e4 to enter the
action!","a5d2","Fine!   This check drives the white king to b1, and then what
becomes possible...?",15,"De","Weiß attackiert sowohl d4 als auch f7. Wie
reagieren Sie?","Da Weiß sowohl 25.Dxf7+ als auch 25.Dxd4+ droht, braucht
Schwarz etwas Kraftvolles.","Versuchen Sie, den weißen König auf ein Feld zu
treiben, welches dem schwarzen Springer e4 ermöglicht, ins Geschehen
einzugreifen!","a5d2","Schön!   Dieses Schach treibt den weißen König nach b1,
wonach was möglich wird...?",15]} 24... Qd2+ $1 {Driving the king to b1, i.e.
into the range of the knight e4... Treibt den König nach b1 und damit in den
Einzugsbereich des Springers e4...} 25. Kb1 {[%tqu "En","What was the point of
Black's previous check?","Black has even two ways to win material here...",
"It's your choice - knight fork or line clearing...","d2e1","Nice!  This move
clears the square d2 with tempo, enabling Black to employ a profitable knight
fork!",10,"e4c3","This is the other way to win material. Black clears the
e-file with tempo and then harvests on e1.",10,"De","Was war die Pointe des
letzten Schachs von Schwarz?","Schwarz hat sogar zwei Möglichkeiten, Material
zu gewinnen...","Sie haben die Wahl: Springerabzug oder -gabel...","d2e1",
"Schön!  Schwarz räumt das Feld d2 mit Tempo für den Springer, um dort eine
einträgliche Springergabel anzubringen.",10,"e4c3","Dies ist die andere
Möglichkeit, Material zu gewinnen. Schwarz räumt mit Tempo die e-Linie und
bedient sich dann auf e1.",10]} Qxe1+ $1 {Winning an exchange at the end!
Gewinnt letztlich eine Qualität!} ({Just as good as the text move was Genauso
gut wie der Textzug war} 25... Nc3+ $1 26. bxc3 Rxe1+ 27. Rxe1 Qxe1+ {which
would liquidate even more material in one go. , was sogar noch mehr Material
auf einen Schlag verschwinden ließe.}) 26. Rxe1 Nd2+ 27. Kc2 Nxc4 0-1

[Event "Bundesliga 0607"]
[Site "Germany"]
[Date "2006.12.10"]
[Round "6.7"]
[White "Hansen, Curt"]
[Black "Hertneck, Gerald"]
[Result "1-0"]
[WhiteElo "2621"]
[BlackElo "2520"]
[Annotator "Reeh,O"]
[PlyCount "64"]
[EventDate "2006.10.28"]
[EventType "team-tourn"]
[EventRounds "15"]
[EventCountry "GER"]
[SourceTitle "CBM 116"]
[Source "ChessBase"]
[SourceDate "2007.02.01"]
[SourceVersion "1"]
[SourceVersionDate "2007.02.01"]
[SourceQuality "1"]
[WhiteTeam "Porz"]
[BlackTeam "Tegernsee"]
[WhiteTeamCountry "GER"]
[BlackTeamCountry "GER"]

1. d4 d5 2. c4 e6 3. Nc3 Nf6 4. cxd5 exd5 5. Bg5 c6 6. Qc2 Be7 7. e3 Nbd7 8.
Bd3 Nh5 9. Bxe7 Qxe7 10. O-O-O Nb6 11. h3 g6 12. Nf3 Be6 13. Kb1 Ng7 14. g4
O-O-O 15. Na4 Nd7 16. Qb3 Ne8 17. Rc1 Nc7 18. Rc2 h5 19. g5 Bf5 20. Bxf5 gxf5
21. Rhc1 f6 22. gxf6 Qxf6 {[%tqu "En","How should White continue?","White has
strong pressure in the half-open c-file. If the knight a4 could come to c5,
Black would have trouble defending b7.","Deflect the defender of the square c5.
","f3e5","Very strong! White conquers the square c5 for his knight.",10,"De",
"Wie soll Weiß fortsetzen?","Weiß hat starken Druck in der halboffenen c-Linie.
Wenn der Springer a4 nach c5 kommen könnte, hätte Schwarz Probleme, b7 zu
decken.","Lenken Sie den Verteidiger des Feldes c5 ab.","f3e5","Sehr stark!
Weiß erobert das Feld c5 für seinen Springer.",10]} 23. Ne5 $1 {Deflects the
knight from the square c5. Lenkt den Springer von c5 ab.} Nxe5 24. Nc5 $1 (24.
dxe5 {just transposes. ist Zugumstellung.}) 24... b6 25. dxe5 Qe7 {Trying to
organize some kind of defence. Versucht, eine Verteidigung zu organisieren.} (
25... Qg6 {wouldn't have helped after hätte nichts geholfen wegen} 26. Na6 c5
27. Nxc5 $1 ({also good is gut ist auch} 27. Rxc5 bxc5 28. Qb8+ (28. Nxc5 $2
Qb6) 28... Kd7 29. Qxc7+ Ke8 30. Qxa7) 27... bxc5 28. Rxc5 Rh7 29. Rb5 {
and wins thanks to the threat Rb8+/Rxc7+. und gewinnt dank der Drohung Rb8+/
Rxc7+.}) ({After Nach} 25... Qxe5 26. Nd3 {the point c6 falls. fällt der Punkt
c6.}) 26. Nd3 c5 {[%tqu "En","Your move again!","Just like before, a knight
coming to c5 would make it almost impossible for Black to defend b7...","Clear
the square c5 for the knight!","c2c5","Ups, you did it again!",10,"De","Sie
sind wieder am Zug!","Genau wie vorhin: Ein nach c5 kommender Springer würde
es für Schwarz fast unmöglich machen, b7 zu decken...","Räumen Sie das Feld c5
für den Springer!","c2c5","Wenn man einmal das Motiv erkannt hat, ist der Rest
leicht!",10]} 27. Rxc5 $1 {Clearing the square c5 for good! Kämpft endgültig
das Feld c5 frei!} bxc5 28. Nxc5 Na8 {A sad move, but there was no other way
to protect b7. Ein trauriger Zug, aber b7 war anders nicht zu decken.} 29. Ne6+
Kd7 30. Qxd5+ Ke8 31. Nxd8 Nb6 (31... Qxd8 32. Qe6+ Kf8 33. Rc8 {winning. und
gewinnt.}) 32. Qc6+ Kxd8 (32... Kxd8 {und Schwarz gab gleichzeitig auf wegen}
33. Rd1+ Nd7 34. e6 {mit Vernichtung.}) 1-0

[Event "Olympiad-32"]
[Site "Yerevan"]
[Date "1996.09.17"]
[Round "2.3"]
[White "Wallace, John Paul"]
[Black "Janjgava, Lasha"]
[Result "1-0"]
[WhiteElo "2365"]
[BlackElo "2495"]
[Annotator "Rogers,I"]
[PlyCount "55"]
[EventDate "1996.09.15"]
[EventType "team-swiss"]
[EventRounds "14"]
[EventCountry "ARM"]
[SourceTitle "CBM 055"]
[Source "ChessBase"]
[SourceDate "1996.12.01"]
[SourceVersion "1"]
[SourceVersionDate "1996.12.01"]
[SourceQuality "1"]
[WhiteTeam "Australia"]
[BlackTeam "Georgia"]
[WhiteTeamCountry "AUS"]
[BlackTeamCountry "GEO"]

1. d4 d5 2. c4 e6 3. Nc3 Be7 4. Nf3 Nf6 5. cxd5 exd5 6. Bg5 c6 7. Qc2 Na6 $5 8.
a3 Nc7 9. e3 Nh5 {A normal idea in the Exchange Queen's Gambit but ill-timed
here.} ({The standard} 9... Ne6 {was stronger.}) 10. h4 $1 Bxg5 $6 {Taken
aback by Wallace's aggressive 10th move, Janjgava fails to react accurately.} (
10... f6 $6 11. Bd3 $1 fxg5 12. hxg5 g6 13. Bxg6+ {would be similar to the game
}) ({and} 10... h6 11. Bxe7 Qxe7 12. Ne5 {(mhb: there might be a lost
annotation in this variation)}) (10... g6 11. Bd3 Ng7 {was playable.}) 11. hxg5
g6 12. Bd3 Ng7 ({After considerable thought Janjgava decides to allow the
following combination since after} 12... Ne6 13. g4 Nhg7 {White can choose
between 14.Bxg6 as in the game or, perhaps even stronger,} 14. O-O-O Nxg5 15.
Ne5 {/\f4}) 13. Bxg6 $3 fxg6 14. Rxh7 Rxh7 15. Qxg6+ Ke7 16. Qf6+ Ke8 17. Qg6+
Ke7 18. Qxh7 Nce8 19. Ne5 Be6 ({After} 19... Bf5 20. Qh6 {and g4 will arrive
with gain of time.}) 20. O-O-O Rc8 {This counter-attacking attempt falls short
but there is probably no defence to the simple plan of g4, f4, f5 etc.} 21. g4
c5 22. f4 cxd4 ({Black had probably originally intended} 22... Qa5 {but after}
23. Rd3 $1 {Black's attack comes to a standstill and the advancing pawns win.})
23. exd4 Kf8 24. Re1 {/\25.Qh8+ Bg8 26.Ng6+ Kf7 27.Re7+} Rc7 25. Qh6 $1 Nd6 26.
f5 Ne4 27. Rxe4 $1 dxe4 28. fxe6 ({After} 28. fxe6 Kg8 29. Nf7 Rxf7 30. exf7+
Kxf7 31. g6+ Kf6 32. Qh4+ {wins.}) 1-0